Veraltete Deutsche Städtenamen - Statistiken

Allgemein
  • Dieses Quiz wurde 65 mal gespielt
  • Das Durchschnittsergebnis liegt bei 6 aus 14
Antwortstatistiken
Hint Antwort % Korrekt
Pressburg Bratislava
80%
Laibach Ljubljana
71%
Reval Tallinn
68%
Gotenburg Göteborg
66%
Nimwegen Nijmegen
56%
Drontheim Trondheim
54%
Agram Zagreb
34%
Nanzig Nancy
25%
Angora Ankara
20%
Temeschburg Timisoara
20%
Antorf Antwerpen
19%
Griechisch-Weißenburg Belgrad
19%
(Dietrichs-)Bern Verona
10%
Wirten Verdun
8%
Keine übereinstimmenden Quizze gefunden
Verteilung der Resultate
Anzahl Personen mit jedem Resultat
Perzentil nach korrekt beantworteten Fragen
Ihre Resultats-Entwicklung
Sie haben dieses Quiz noch nicht gespielt